000
00223 a2200097 4500
001
14132
100
_a
Partridge Eric
245
_a
The concise usage abusage
260
_a
London
_b
Hamish Hamilton
_c
090
_c
11076
_d
11076
942
_a
NUST-CAE
_c
M
_c
1199
999
_c
249205
_d
249205